| 000 | 00786nam a2200217 i 4500 | ||
|---|---|---|---|
| 001 | 23694 | ||
| 003 | ES-MaACL | ||
| 005 | 20250815020641.0 | ||
| 007 | t| | ||
| 008 | 021212s1960 sp ||||1| spa d | ||
| 100 | 1 |
_aAmador de los Ríos, José, _d1818-1878 _921088 |
|
| 245 | 1 | 0 |
_aHistoria social política y religiosa de los judíos de España y Portugal / _cJosé Amador de los Ríos. |
| 260 |
_aMadrid : _bAguilar, _c1960 ( _fSelecciones Gráficas) |
||
| 300 |
_a1109 p., 12 lám. ; _c24 cm. |
||
| 490 | 1 | _aBiblioteca "Cultura e Historia" | |
| 650 | 4 |
_aJudíos- _zPortugal- _xHistoria. _914005 |
|
| 650 | 4 |
_aJudíos- _zEspaña- _xHistoria. _913985 |
|
| 830 | 0 | 0 |
_aBiblioteca cultura e historia _9183279 |
| 852 |
_aES-MaACL _jC-19073 _bR.46424 |
||
| 999 |
_c23694 _d23694 |
||